Powiaty w Polsce na literę G - Statystyki

Ogólne statystyki
  • Ten quiz został rozwiązany 77 razy
  • Średni wynik to 19 z 26
Statystyki odpowiedzi
Odpowiedź % Poprawnych
Gdańsk
95%
gdański
93%
gorzowski
93%
Gdynia
91%
Gorzów Wielkopolski
88%
giżycki
83%
Gliwice
83%
gliwicki
81%
Grudziądz
79%
garwoliński
78%
grudziądzki
78%
grajewski
76%
gorlicki
74%
grodziski
74%
głogowski
72%
gostyniński
72%
goleniowski
69%
grójecki
69%
gostyński
67%
gryficki
66%
gryfiński
64%
gołdapski
62%
głubczycki
60%
gnieźnieński
60%
golubsko dobrzyński
59%
górowski
53%
Nie znaleziono quizów pasujących do podanych kryteriów
Rozkład punktacji
Procent ludzi z każdym wynikiem
Percentyl według liczby udzielonych odpowiedzi
Twoja historia wyników
Nie rozwiązałeś tego quizu